000 02640cam a22004934i 4500
003 PE-LiUPU
005 20250731184118.0
008 150616s1987 cl r 000 0 spa d
020 _a9580602832
020 _a9789580602835
035 _a(Sirsi) i9789580602835
040 _aPE-LiUPU
_bspa
_cPE-LiUPU
_erda
049 _aPRUA
082 0 4 _a869.082
_bM/ V27
_221
100 1 _aVallejo, César,
_eautor.
245 1 0 _aObra Poética /
_cCésar Vallejo.
264 1 _aBogotá, Colombia :
_bEditorial La Oveja Negra,
_c1987.
300 _a313 páginas ;
_c22 centímetros.
336 _atext
_2rdacontent
337 _aunmediated
_2rdamedia
338 _avolume
_2rdacarrier
490 0 _aMaestros de la Literatura Universal
505 0 _aLos heraldos negros -- Trilce -- Poemas humanos -- España, aparta de mí este cáliz.
526 _aP145
526 _aP127
526 _aP97
526 _aP14
526 _aP07
600 1 _aVallejo, César,
_d1892-1938
_xObras
650 0 4 _aPoesía peruana
_ySiglo XX.
910 _ajck
_bjvq
_cjck
942 _2ddc
_cBOOK
949 _a869.082 M/ V27
_wDEWEY
_c1
_i43106
_lCCODEBUL1
_mBUL
_r0
_sY
_tBOOK
_u2015-6-16
_xEDUCACION
_PP20
_0COMPRA
_o.STAFF. Colección Ciencias Humanas y Educación
949 _a869.082 M/ V27
_wDEWEY
_c2
_i47463
_lCCODEBUL1
_mBUL
_r0
_sY
_tBOOK
_u2015-6-16
_xEDUCACION
_PP20
_0COMPRA
_o.STAFF. Colección Ciencias Humanas y Educación
949 _a869.082 M/ V27
_wDEWEY
_c3
_i43104
_lCCODEBUL1
_mBUL
_r0
_sY
_tBOOK
_u2015-6-16
_xEDUCACION
_PP20
_0COMPRA
_o.STAFF. Colección Ciencias Humanas y Educación
949 _a869.082 M/ V27
_wDEWEY
_c4
_i43105
_lCCODEBUL1
_mBUL
_r0
_sY
_tBOOK
_u2015-6-16
_xEDUCACION
_PP20
_0COMPRA
_o.STAFF. Colección Ciencias Humanas y Educación
994 _aC0
_bPEPRU
596 _a1
999 _a869.082 M/ V27
_wDEWEY
_c61077
_i43106
_f2021-11-9
_g6
_lCCODEBUL1
_mBUL
_p19.00
_r0
_sY
_tBOOK
_u2015-6-16
_xEDUCACION
_PP20
_0COMPRA
_o.STAFF. Colección Ciencias Humanas y Educación
_d61077
999 _a869.082 M/ V27
_wDEWEY
_c2
_i47463
_f2021-11-9
_g6
_lCCODEBUL1
_mBUL
_p19.00
_r0
_sY
_tBOOK
_u2015-6-16
_xEDUCACION
_PP20
_0COMPRA
_o.STAFF. Colección Ciencias Humanas y Educación
999 _a869.082 M/ V27
_wDEWEY
_c3
_i43104
_d2019-8-20
_e2019-8-19
_f2021-11-9
_g6
_lCCODEBUL1
_mBUL
_n4
_p19.00
_r0
_sY
_tBOOK
_u2015-6-16
_xEDUCACION
_PP20
_0COMPRA
_o.STAFF. Colección Ciencias Humanas y Educación
999 _a869.082 M/ V27
_wDEWEY
_c4
_i43105
_f2021-11-9
_g6
_lCCODEBUL1
_mBUL
_p19.00
_r0
_sY
_tBOOK
_u2015-6-16
_xEDUCACION
_PP20
_0COMPRA
_o.STAFF. Colección Ciencias Humanas y Educación
980 _81
_gALBERTO SANCHEZ Responsable de Automatización